000 00627cam a22002293a 4500
001 8143
003 PGUSA
005 20140828083153.0
008 050501s2005||||xxu|||||s|||||000 1 eng d
040 _aPGUSA
_beng
042 _adc
050 4 _aPR
100 1 _aHull, E. M.
_q(Edith Maude),
_d-1947
245 1 4 _aThe Shadow of the East
_h[electronic resource] /
_cE. M. Hull
260 _bProject Gutenberg,
_c2005
506 _aPublic domain in the USA.
516 _aElectronic text
653 _aOrient -- Fiction
830 0 _aProject Gutenberg
_v8143
856 4 0 _uhttp://www.gutenberg.org/ebooks/8143
942 _cEB
999 _c237443
_d237443